Analýza vývoje základních výrobních fondů v československém zemědělství

Bibliographic Details
Main Authors: Bőhm, Tomáš (Author), Králová, Věra (Author), Novák, Josef (Author)
Format: Article
Language:Czech
PhysicalDescription:Tb. 3.
Subjects:

MARC

LEADER 00000nab a2200000 a 4500
001 vtls000375810
003 SK-MaSNL
005 20260303134514.0
008 230217c1990 xo 0 cze
015 |a SNBRB19rr/mm-uuuuu 
035 |a CL0375932 
035 |a urn:nbn:sk:snk-ab2peo 
035 |a (urnnbn)urn:nbn:sk:snk:ar-a02q8q 
035 |a (uuid)6d6ce77f-1d6e-40c5-93da-135ff8b7f5cb 
040 |a SNKBUCL  |b slo  |c SNKBUCL  |e AACR2 
041 0 |a cze 
044 |a xo  |c SK 
080 |a 631.12  |2 1981 
100 1 |a Bőhm, Tomáš  |4 aut  |9 1154853 
245 1 0 |a Analýza vývoje základních výrobních fondů v československém zemědělství  |c Tomáš Bőhm, Věra Králová, Josef Novák 
300 |b Tb. 3. 
650 0 7 |a poľnohospodárske podniky  |2 snkbucl  |9 4194 
650 0 7 |a fondy výrobné základné  |2 snkbucl  |9 945500 
655 7 |a články z novín a časopisov  |2 snkbucl  |9 267496 
700 1 |a Králová, Věra  |4 aut  |9 1154854 
700 1 |a Novák, Josef  |4 aut  |9 6002 
773 0 |t Ekonomika poľnohospodárstva  |g Roč. 24, č. 3 (1990), s. 110-112 
850 |a Slovenská národná knižnica v Martine  |a MTA001 
852 |a SNK  |b KIS3GCP 
954 |a odborná, vedecká literatúra cudzojazyčná (svetová)  |2 lita 
958 |a RK 
958 |a CZ 
958 |a OND 
958 |a EUIPO 
958 |a article27 
992 |a RBX 
999 |c 1960880  |d 1962810